000
00186 a2200085 4500
100
_a
Ольга Кузьмович
_9
18554
245
_a
Про це і те
260
_c
2000
942
_c
BK
999
_c
578045
_d
578045